[Event "World Corporate East E"]
[Site "Chess.com INT"]
[Date "2021.02.20"]
[Round "6.10"]
[White "Meenakshi, Sundaram"]
[Black "Nastasie, Alfred"]
[Result "1/2-1/2"]
[WhiteElo "1688"]
[BlackElo "1770"]
[PlyCount "90"]
[EventDate "2021.02.19"]
[EventType "team (rapid)"]
[EventRounds "7"]
[EventCountry "USA"]
[SourceTitle "EXT 2022"]
[Source "ChessBase"]
[SourceDate "2021.10.06"]
[SourceVersion "1"]
[SourceVersionDate "2021.10.06"]
[SourceQuality "1"]
[WhiteTeam "Vestas"]
[BlackTeam "Vodafone"]
[WhiteTeamCountry "IND"]
[BlackTeamCountry "GER"]

1. d4 Nf6 2. c4 g6 3. Nc3 Bg7 4. e4 d6 5. Nf3 0-0 6. h3 e5 7. d5 Ne8 8. Bd3 f5 9. Qc2 f4 10. Bd2 Nd7 11. b4 a5 12. b5 Nc5 13. Na4 Nxa4 14. Qxa4 b6 15. 0-0-0 g5 16. Rhf1 Qf6 17. Be2 Qg6 18. Qc2 Nf6 19. Bd3 Nd7 20. g4 Nc5 21. Rde1 Bf6 22. h4 gxh4 23. Nxh4 Bxh4 24. f3 Bxe1 25. Bxe1 Nxd3+ 26. Qxd3 Kf7 27. Bh4 Bd7 28. Rh1 Rg8 29. Qf1 Rg7 30. a4 Bxg4 31. Rg1 h5 32. fxg4 hxg4 33. Kd2 Rh8 34. Qe1 Rgh7 35. Rh1 g3 36. Qf1 Rxh4 37. Rxh4 Rxh4 38. Kd3 Qg4 39. Qe2 Qxe2+ 40. Kxe2 Rh2+ 41. Kf3 Ra2 42. c5 bxc5 43. b6 cxb6 44. Kg4 g2 45. Kf3 g1Q 1/2-1/2

[Event "Pardubice Czech op-A 21st"]
[Site "Pardubice"]
[Date "2010.07.29"]
[Round "7"]
[White "Meenakshi, Sundaram"]
[Black "Glantz, Robert"]
[Result "1/2-1/2"]
[WhiteElo "1840"]
[BlackElo "2207"]
[PlyCount "91"]
[EventDate "2010.07.23"]
[EventType "swiss"]
[EventRounds "9"]
[EventCountry "CZE"]
[SourceTitle "CBM 137 Extra"]
[Source "ChessBase"]
[SourceDate "2010.09.01"]
[SourceVersion "1"]
[SourceVersionDate "2010.09.01"]
[SourceQuality "1"]

1. d4 Nf6 2. Bg5 e6 3. e4 h6 4. Bxf6 Qxf6 5. Qd2 e5 6. Nf3 exd4 7. Nxd4 Bc5 8. c3 Nc6 9. Nxc6 Qxc6 10. Bd3 0-0 11. 0-0 b5 12. b4 Bb6 13. Na3 Bb7 14. Kh1 a6 15. c4 bxc4 16. Nxc4 d5 17. Nxb6 cxb6 18. Rac1 Qd6 19. Bc4 d4 20. Bd5 Bxd5 21. Qxd4 Rfe8 22. exd5 Rad8 23. h3 Re5 24. Rfe1 Rxd5 25. Qc4 b5 26. Qc6 Qxc6 27. Rxc6 R8d6 28. Rc7 Rd7 29. Rxd7 Rxd7 30. Re8+ Kh7 31. Ra8 Rd6 32. Kh2 Kg6 33. f3 Kf5 34. Ra7 Ke6 35. a3 Kf6 36. g4 Re6 37. Kg3 Rd6 38. Rc7 Re6 39. h4 Kg6 40. h5+ Kf6 41. Ra7 Rd6 42. Kh4 g5+ 43. hxg6 Kxg6 44. Ra8 f5 45. Ra7 Rc6 46. Ra8 1/2-1/2

[Event "Pardubice Czech op-A 21st"]
[Site "Pardubice"]
[Date "2010.07.28"]
[Round "6"]
[White "Ivanov, Mikhail M"]
[Black "Meenakshi, Sundaram"]
[Result "1-0"]
[WhiteElo "2486"]
[BlackElo "1840"]
[PlyCount "77"]
[EventDate "2010.07.23"]
[EventType "swiss"]
[EventRounds "9"]
[EventCountry "CZE"]
[SourceTitle "CBM 137 Extra"]
[Source "ChessBase"]
[SourceDate "2010.09.01"]
[SourceVersion "1"]
[SourceVersionDate "2010.09.01"]
[SourceQuality "1"]

1. Nf3 Nf6 2. c4 d6 3. d4 g6 4. Nc3 Bg7 5. e4 0-0 6. h3 Nbd7 7. Bg5 e5 8. d5 h6 9. Be3 Nc5 10. Nd2 a5 11. g4 Bd7 12. Be2 c6 13. h4 cxd5 14. cxd5 Ne8 15. h5 g5 16. a4 b6 17. Nc4 Rb8 18. b3 Qe7 19. f3 f6 20. 0-0 Rf7 21. Rb1 Qd8 22. Qd2 Bc8 23. b4 axb4 24. Rxb4 Rfb7 25. Rfb1 Bf8 26. Qb2 Nc7 27. Rxb6 Rxb6 28. Nxb6 Na8 29. a5 Nxb6 30. axb6 Be7 31. Qa2 Nd7 32. Na4 Bb7 33. Bb5 Kf8 34. Bc6 Nc5 35. Nxc5 dxc5 36. Qa7 Qc8 37. Rc1 Ba8 38. Qxa8 Rxa8 39. b7 1-0